Biggest Countries in Africa by Area - Statistics

General Stats
  • This quiz has been taken 30 times
  • The average score is 6 of 10
Answers on the Map
Answers color-coded by a green-red scale on the quiz's map according to % correct below.
 
Answer Stats
Answer % Correct
Algeria
100%
Sudan
100%
D.R. Congo
95%
Chad
91%
Libya
91%
Niger
64%
Angola
50%
Mali
23%
Ethiopia
9%
South Africa
9%
No matching quizzes found
Score Distribution
Percent of People with Each Score
Percentile by Number Answered
Your Score History
You have not taken this quiz